Unilateral notices and freezing orders (Record no. 76920)

MARC details
000 -LEADER
fixed length control field 01091cab a2200205 4500
001 - CONTROL NUMBER
control field ##L133304
008 - FIXED-LENGTH DATA ELEMENTS--GENERAL INFORMATION
fixed length control field 060428n2006 000 0 eng u
035 ## - SYSTEM CONTROL NUMBER
System control number (Sirsi) u133304
041 0# - LANGUAGE CODE
Language code of text/sound track or separate title eng
245 00 - TITLE STATEMENT
Title Unilateral notices and freezing orders
Remainder of title when and how to use them
-- can they protect agreements for lease
260 ## - PUBLICATION, DISTRIBUTION, ETC.
Date of publication, distribution, etc. 2006
490 #0 - SERIES STATEMENT
Series statement Commercial Leases
Volume/sequential designation 20(4) April 2006, 1093-1095(3)
520 ## - SUMMARY, ETC.
Summary, etc. Discusses the main issues of two law cases: "Donnelly and other v Weybridge Construction Ltd" [2006] EWHC 38 (TCC), and "Perry (Albert Richard) v Princess International Sales and Services Ltd" [2005] EWHC 2042. Each case relates to unilateral notices in terms of their power under the Land Registration Act 2002 and how these powers should be excercised.
590 ## - LOCAL NOTE (RLIN)
Local note IKA090506
650 24 - SUBJECT ADDED ENTRY--TOPICAL TERM
Topical term or geographic name entry element DONNELLY AND OTHER V WEYBRIDGE CONSTRUCTION LTD
650 24 - SUBJECT ADDED ENTRY--TOPICAL TERM
Topical term or geographic name entry element PERRY V PRINCESS INTERNATIONAL SALES AND SERVICES LTD AND OTHERS
650 24 - SUBJECT ADDED ENTRY--TOPICAL TERM
Topical term or geographic name entry element LAND REGISTRATION ACT 2002
690 ## - LOCAL SUBJECT ADDED ENTRY--TOPICAL TERM (OCLC, RLIN)
Topical term or geographic name as entry element COMMERCIAL LANDLORD AND TENANT-BUSINESS TENANCIES-FORFEITURE OF BUSINESS TENANCIES
942 ## - ADDED ENTRY ELEMENTS (KOHA)
Suppress in OPAC 0
Holdings
Withdrawn status Lost status Source of classification or shelving scheme Damaged status Not for loan Home library Current library Shelving location Date acquired Total Checkouts Full call number Barcode Date last seen Copy number Price effective from Koha item type
    Dewey Decimal Classification     London London Journal article 28/04/2006   L133304 133304-1001 06/08/2019 1 06/08/2019 Journal article